Exámenes de aptitud profesional (Record no. 31770)

MARC details
000 -LEADER
campo de control de longitud fija 00681nam a2200181 i 4500
001 - NÚMERO DE CONTROL
campo de control 31770
003 - IDENTIFICADOR DE NÚMERO DE CONTROL
campo de control ES-MaACL
005 - FECHA Y HORA DE LA ÚLTIMA TRANSACCIÓN
campo de control 20230906154435.0
007 - CAMPO FIJO DE DESCRIPCIÓN FÍSICA--INFORMACIÓN GENERAL
campo de control de longitud fija t|
008 - DATOS DE LONGITUD FIJA--INFORMACIÓN GENERAL
campo de control de longitud fija 030130s1957 sp ||||1| spa d
100 1# - ENTRADA PRINCIPAL--NOMBRE DE PERSONA
Nombre de persona Baumgarten, Franziska.
9 (RLIN) 26595
245 10 - MENCIÓN DEL TÍTULO
Título Exámenes de aptitud profesional
Resto del título : teoría y práctica /
Mención de responsabilidad, etc. por Franziska Baumgarten ; traducción española revisada y puesta al día con la colaboración de J. Germain.
260 ## - PUBLICACIÓN, DISTRIBUCIÓN, ETC.
Lugar de publicación, distribución, etc. Barcelona :
Nombre del editor, distribuidor, etc. Labor,
Fecha de publicación, distribución, etc. 1957 (
Fabricante Talls. Gráfs. Iberoamericanos)
300 ## - DESCRIPCIÓN FÍSICA
Extensión XII, 722 p. :
Otras características físicas il., 2 gráf. pleg. ;
Dimensiones 22 cm.
650 ## - PUNTO DE ACCESO ADICIONAL DE MATERIA--TÉRMINO DE MATERIA
Término de materia o nombre geográfico como elemento de entrada Tests psicotécnicos.
9 (RLIN) 17520
700 1# - ENTRADA AGREGADA--NOMBRE PERSONAL
Nombre de persona Germain, J.
9 (RLIN) 56467
852 ## - LOCALIZACIÓN
Ubicación ES-MaACL
Número de control de estantería C-12874
Holdings
Estatus retirado Estado de pérdida Estado de daño No para préstamo Biblioteca de origen Biblioteca actual Ubicación en estantería Fecha de adquisición Fuente de adquisición Total de préstamos Signatura topográfica completa Código de barras Visto por última vez Precio de reemplazo Tipo de ítem Koha
        Biblioteca del Ateneo de Madrid Biblioteca del Ateneo de Madrid Sala Palomar 17/01/2008     C-12874 1032846 23/02/2023 23/02/2023 Libro impreso